[Event "HUN-chT U18"]
[Site "Budapest"]
[Date "2021.10.26"]
[Round "4.21"]
[White "Gergely, Daniel1"]
[Black "Kocsmar, Akos"]
[Result "1/2-1/2"]
[WhiteElo "1958"]
[BlackElo "1979"]
[PlyCount "153"]
[EventDate "2021.10.24"]
[EventType "team-tourn"]
[EventRounds "7"]
[EventCountry "HUN"]
[SourceTitle "CBM 205 Extra"]
[Source "ChessBase"]
[SourceDate "2022.01.31"]
[SourceVersion "1"]
[SourceVersionDate "2022.01.31"]
[SourceQuality "1"]

1. d4 Nf6 2. c4 g6 3. Nc3 d5 4. Nf3 Bg7 5. h4 h5 6. Bg5 c6 7. e3 Be6 8. Qb3 Qb6 9. c5 Qc7 10. Bf4 Qc8 11. Bd3 Ne4 12. Qc2 Nxc3 13. Qxc3 Bf5 14. b4 Nd7 15. Bxf5 gxf5 16. Qd3 a5 17. Qxf5 axb4 18. 0-0 b6 19. cxb6 Nxb6 20. Qxc8+ Nxc8 21. Rab1 Rxa2 22. Rxb4 Ra7 23. Rc1 Kd7 24. Bb8 Ra6 25. Rb7+ Ke6 26. Ng5+ Kf6 27. Be5+ Kg6 28. Bxg7 Kxg7 29. Rc7 Re8 30. R1xc6 Rxc6 31. Rxc6 Nd6 32. Rc5 Nf5 33. Rxd5 Nxh4 34. Nh3 Ra8 35. Rxh5 Ra1+ 36. Kh2 Ng6 37. Kg3 Ra3 38. Kf3 e6 39. Ng5 Nf8 40. Ne4 Ng6 41. g4 Ne7 42. Rb5 Nc6 43. Kf4 Kg6 44. Rb6 Ne7 45. Ke5 Ra5+ 46. Nc5 Nd5 47. Ra6 Rb5 48. e4 Nb4 49. Ra3 Nc6+ 50. Kd6 Nxd4 51. Nd7 Rb2 52. Rd3 Ne2 53. Ne5+ Kg7 54. Rf3 Rb7 55. Nd7 Nd4 56. Rf4 Ne2 57. Rf3 Nd4 58. Rd3 Ne2 59. Ke7 Nf4 60. Rg3 Ng6+ 61. Kd6 Rb2 62. f3 Rd2+ 63. Kc6 Rd3 64. g5 Rc3+ 65. Kb5 Rd3 66. Kc6 Rc3+ 67. Kb5 Rd3 68. Nf6 Nf4 69. Kc4 Rd8 70. Rg4 Ng6 71. f4 Kf8 72. Kc5 Rd1 73. f5 exf5 74. exf5 Ne7 75. Rh4 Rc1+ 76. Kb5 Nxf5 77. Rf4 1/2-1/2